000 00312 a2200157 4500
001 174644
020 _a
040 _cMagnum
100 _aPinsky, Mirna
240 1 0 _aPequenininha
_lpor
245 1 0 _aPequenininha
362 0 _a1899
440 1 _aMiguilim
697 _aI/AVENTURA, CRIANCAS
942 _cBK
999 _c174644
_d174644